| 000 | 00000nam 2200000zi 4500 |
| 001 | 9.931494 |
| 003 | CaOODSP |
| 005 | 20240130125231 |
| 006 | m o d f |
| 007 | cr mn||||||||| |
| 008 | 231215t20242024nscbd ob f000 0 eng d |
| 020 | |a9780660693194 |
| 040 | |aCaOODSP|beng|erda|cCaOODSP |
| 041 | |aeng|bfre |
| 043 | |an-cn--- |
| 086 | 1 |aFs97-6/3568E-PDF |
| 100 | 1 |aBoyce, Danny, |d1963- |eauthor. |
| 245 | 12|aA climate risk index for marine life across the Canadian exclusive economic zone / |cDaniel G. Boyce, Nancy Shackell, Blair Greenan. |
| 264 | 1|aDartmouth, Nova Scotia : |bFisheries and Oceans Canada, Science Branch, Maritimes Region, Bedford Institute of Oceanography, |c2024. |
| 264 | 4|c©2024 |
| 300 | |a1 online resource (iv, 40 pages) : |bmaps, chart. |
| 336 | |atext|btxt|2rdacontent |
| 337 | |acomputer|bc|2rdamedia |
| 338 | |aonline resource|bcr|2rdacarrier |
| 490 | 1 |aCanadian technical report of fisheries and aquatic sciences, |x1488-5379 ; |v3568 |
| 504 | |aIncludes bibliographical references (pages 27-40). |
| 546 | |aIncludes abstracts in English and French. |
| 650 | 0|aClimatic changes|xRisk assessment|zCanada. |
| 650 | 0|aMarine biodiversity conservation|zCanada. |
| 650 | 0|aFishery resources|xClimatic factors|zCanada. |
| 650 | 0|aMarine ecology|xClimatic factors|zCanada. |
| 650 | 6|aClimat|xChangements|xEĢvaluation du risque|zCanada. |
| 650 | 6|aBiodiversité marine|xConservation|zCanada. |
| 650 | 6|aRessources halieutiques|xFacteurs climatiques|zCanada. |
| 650 | 6|aÉcologie marine|xFacteurs climatiques|zCanada. |
| 710 | 1 |aCanada. |bDepartment of Fisheries and Oceans. |bMaritimes Region. |bScience Branch, |eissuing body. |
| 710 | 2 |aBedford Institute of Oceanography, |eissuing body. |
| 830 | #0|aCanadian technical report of fisheries and aquatic sciences ;|v3568.|w(CaOODSP)9.504449 |
| 856 | 40|qPDF|s1.33 MB|uhttps://publications.gc.ca/collections/collection_2024/mpo-dfo/Fs97-6-3568-eng.pdf |